000 01679nam a2200217Ii 4500
008 221202s xx 000 0 und d
100 1 _aMore, Prachi,
_eauthor
245 0 _aActors and Networks in the Megacity
246 _aA Literary Analysis of Urban Narratives (Edition 1)
264 1 _aBielefeld
_btranscript Verlag
_c2017
300 _a1 online resource
336 _atext
_btxt
_2rdacontent
337 _acomputer
_bc
_2rdamedia
338 _aonline resource
_bcr
_2rdacarrier
520 _aThis study is a concise introduction to Bruno Latour's Actor-Network Theory and its application in a literary analysis of urban narratives of the 21st century. We encounter well-known psycho-geographers such as Iain Sinclair and Sam Miller, and renowned authors, Patrick Neate and Suketu Mehta. Prachi More analyses these authors' accounts of vastly different cities such as London, Delhi, Mumbai, Johannesburg, New York and Tokyo. Are these urban narratives a contemporary solution to documenting an ever-evasive urban reality? If so, how do they embody matters of concern as Latour would have put it, laying bare modern-day actors and networks rather than reporting mere matters of fact? These questions are drawn into an inter-disciplinary discussion that addresses concerns and questions of epistemology, the sociology of knowledge as well as urban and documentary studies.
653 _aHistorical & Comparative
653 _aLanguage Arts & Disciplines
653 _aLinguistics
856 _uhttps://docs.google.com/spreadsheets/d/1yKIrdCPDAG_9c22mwoOIO2DOhtj65Wqa/edit?usp=sharing&ouid=106555315294820607512&rtpof=true&sd=true
_yList of Curated E-Books
942 _cE-BOOK
999 _c91451
_d91448